000 01830nam0a2200349 4500
001 RU\NLR\bibl\1314618
005 20260405111653.0
021 _aRU
_b2008-91447
_95347
035 _a(NLR Aleph) 001300014
090 _a613247
_c613247
100 _a20090113d2008 |||y0rusy50 ca
101 0 _arus
102 _aRU
105 _aa |||||||||
200 1 _aРентгеноструктурный анализ в кристаллохимии
_dX-ray structural analysis in crystal chemistry
_eучебное пособие для студентов химических факультетов университетов
_e[по специальности "Химия"]
_fЕ.Д. Таныгина
_gФедер. агентство по образованию, Тамб. гос. ун-т им. Г.Р. Державина
_zeng
210 _aТамбов
_cИзд-во ТГУ
_d2008
215 _a31 с.
_cил.
_d20
300 _aАвт. также на англ. яз.: E.D. Tanygina
300 _aРез. на англ. яз.
320 _aБиблиогр.: с. 31 (4 назв.)
510 1 _6z55790
_aX-ray structural analysis in crystal chemistry
_zeng
606 1 _aРентгеновский структурный анализ
_jУчебные издания для высших учебных заведений
_xПрименение в кристаллохимии
_92552587
_3RU\NLR\auth\661510347
686 _aГ522.1я73-1
700 1 _4070
_8rus
_7ca
_aТаныгина
_bЕ. Д.
_f1960-
_gЕлена Дмитриевна
_3RU\NLR\AUTH\7742612
_925555
790 1 _4070
_8rus
_7ba
_aTanygina
_bE. D.
_f1960-
_gElena Dmitrievna
_3RU\NLR\AUTH\7742614
_925557
801 0 _aRU
_bNLR
_c20090113
_gRCR
801 1 _aRU
_bNLR
_c20090113
830 _aавт. по кн.
942 _cBOOK
980 _aNB